000 00590nam a2200193Ia 4500
008 240729s9999 xx 000 0 und d
022 _a2583-4010
245 0 _aIndian Journal of Private Psychiatry
260 _aIndia
260 _bJaypee Brothers Medical Publisher
650 _a Internal medicine
650 _a Neurology. Diseases of the nervous system
650 _a Neurosciences. Biological psychiatry. Neuropsychiatry
650 _a Psychiatry
650 _aMedicine
856 _uhttps://doaj.org/toc/666c6b8404de4786aac3154d6648e425
942 _2ddc
942 _cDOAJEJ
999 _c72318
_d72318
945 _a1
_bMadushi Gamage
_c1
_dMadushi Gamage